000 00869nab a2200253 u 4500
001 13016
003 HDC
007 cr bn ---aaaaa
008 210212c xx dr|noo 0 a eng d
040 _aHDC
100 _aLiza Mohamad,
_eauthor
_913618
245 0 _aRamadhan Vendors Issued Stern Warnings For Obvious Violations /
_cby Liza Mohamad [and 2 others]
260 _a[No place] :
_b[publisher not identified],
_c[no date]
336 _atext
_2rdacontent
337 _acomputer
_2rdamedia
338 _aonline resource
_2rdacarrier
650 _aBusiness
_9207
650 _aMuslims
_9247
710 _aBorneo Bulletin
856 _zRequest full-text at [email protected]
942 _2lcc
942 _cNEWS
942 _kNWSO 001749
999 _c10332
_d10332